书目信息 |
| 题名: |
物理教学与学业评价
|
|
| 作者: | 张军朋 主编 | |
| 分册: | ||
| 出版信息: | 广州 广东教育出版社 2005 |
|
| 页数: | 273页 | |
| 开本: | 23cm | |
| 丛书名: | 高中新课程教师丛书 | |
| 单 册: | ||
| 中图分类: | G633.72 | |
| 科图分类: | ||
| 主题词: | 物理 , 教学研究 , 物理--教学研究--高中 | |
| 电子资源: | ||
| ISBN: | 7-5406-6144-5 | |
| 000 | 00964oam2 2200277 450 | |
| 001 | 003035345 | |
| 005 | 20061028084552.78 | |
| 010 | @a7-5406-6144-5@dCNY27.50 | |
| 100 | @a20050416d2005 em y0chiy0110 ea | |
| 101 | 0 | @achi |
| 102 | @aCN@b440000 | |
| 105 | @ay z 000yy | |
| 200 | 1 | @a物理教学与学业评价@9wu li jiao xue yu xue ye ping jia@f张军朋主编 |
| 210 | @a广州@c广东教育出版社@d2005 | |
| 215 | @a273页@d23cm | |
| 225 | 2 | @a高中新课程教师丛书@h第2辑@f高凌飚,陈冀平总主编 |
| 330 | @a本书分上下两编。上编主要探讨高中物理新课程的教学问题,下编主要探讨高中物理新课程的学业评价问题。 | |
| 410 | 0 | @12001 @a高中新课程教师丛书@1701 0@a高凌飚@Agao ling biao@4主编@1701 0@a陈冀平总@Achen ji ping zong@4主编 |
| 461 | 0 | @12001 @a高中新课程教师丛书 |
| 606 | 0 | @a物理 |
| 606 | 0 | @a教学研究 |
| 606 | 0 | @a物理@x教学研究@x高中 |
| 690 | @aG633.72@v4 | |
| 701 | 0 | @a张军朋@9zhang jun peng@4主编 |
| 801 | 0 | @aCN@bNLC@c20061028 |
| 905 | @a10447@dG633.72@e352 | |
| 物理教学与学业评价/张军朋主编.-广州:广东教育出版社,2005 |
| 273页;23cm.-(高中新课程教师丛书.第2辑/高凌飚,陈冀平总主编) |
| ISBN 7-5406-6144-5:CNY27.50 |
| 本书分上下两编。上编主要探讨高中物理新课程的教学问题,下编主要探讨高中物理新课程的学业评价问题。 |
| ● |
| 相关链接 |
|
|
|
|
正题名:物理教学与学业评价
索取号:G633.72/352
 
预约/预借
| 序号 | 登录号 | 条形码 | 馆藏地/架位号 | 状态 | 备注 |
| 1 | 0388626 | 203886269 | 第一样本阅览室/ [索取号:G633.72/352] | 在馆 | |
| 2 | 0388627 | 203886278 | 第四借阅区/ [索取号:G633.72/352] | 在馆 | |
| 3 | 0388628 | 203886287 | 第四借阅区/ [索取号:G633.72/352] | 在馆 | |
| 4 | 0388629 | 203886296 | 第四借阅区/ [索取号:G633.72/352] | 在馆 | |
| 5 | 0388630 | 203886303 | 第四借阅区/ [索取号:G633.72/352] | 在馆 |